| 000 | 00691nam a2200181 i 4500 | ||
|---|---|---|---|
| 001 | 154660 | ||
| 003 | ES-MaACL | ||
| 005 | 20250808010926.0 | ||
| 008 | 030304s1898 cu |||| | spa d | ||
| 040 |
_aCCPB | B _bspa _cCCPB | B |
||
| 100 | 1 |
_aGordon y de Acosta, Antonio de. _9127475 |
|
| 245 | 1 | 3 |
_aLa legislación del Seguro de Vida ante la Medicina Forense / _cpor Antonio de Gordon y de Acosta. |
| 260 |
_aHabana : _b[s.n.], _c1898 ( _fimprenta "Revista de almacenes") |
||
| 300 |
_a42 p. ; _c24 cm. |
||
| 650 | 0 | 7 |
_aSeguros de vida _2embne _917028 |
| 852 |
_aES-MaACL _jT-833-F-4 _z-- Enc. hol., conservando la cub. original _z-- Enc. en un vol. facticio |
||
| 999 |
_c154660 _d154660 |
||